00384nam a2200133Ia 4500003000900000008004100009040001600050080001600066100001500082245006700097260003200164300001400196650004000210IN-BaIIA211028s9999 xx 000 0 eng d cIIA Library a535.31bMOR aMorgan, J. 0aIntroduction to geometrical and physical opticscJoseph Morgan aNew YorkbMcGraw-Hillc1953 axi, 450p. aPhysical Optics, Geometrical Optics